La NBA pour les nuls - Statistiques

Statistiques générales
  • Ce quiz a été pris 1 953 fois
  • Le résultat moyen est 14 sur 15
Statistiques - réponses
Question Réponse % Correct
Combien faut-il remporter de matchs pour gagner une série de playoff ? 4
97%
Quelle équipe de Californie est codétentrice du plus grand nombre de titres gagnés avec 17 titres ? Los Angeles Lakers
96%
Quel joueur français a joué chez les San Antonio Spurs de 2001 à 2018 ? Tony Parker
96%
Combien d'équipes jouent en NBA ? 30
95%
Quelle équipe a remporté 6 titres dans les années 90 ? Chicago Bulls
95%
Qui est le meilleur marqueur de l'histoire ? LeBron James
95%
Le meilleur joueur de cette équipe était ? Michael Jordan
95%
Qui est le meilleur marqueur de paniers à 3 points de l'histoire ? Stephen Curry
95%
Quel joueur se cache derrière le surnom "Black Mamba" ? Kobe Bryant
92%
Comment s'appelle le trophée remis chaque année au meilleur joueur de la ligue ? NBA Most Valuable Player
92%
Quel est le record de points marqués en un match, détenu par Wilt Chamberlain depuis 1962 ? 100
91%
Quelle équipe menée par Larry Bird a remporté 3 titres dans les années 80 ? Boston Celtics
91%
Combien de matchs une saison régulière compte-t-elle ? 82
89%
Comment s'appelle la salle emblématique des New York Knicks ? Madison Square Garden
80%
Comment s'appelait la franchise NBA de Seattle, délocalisée et renommée en 2008 ? Seattle SuperSonics
72%
Aucun quiz correspondant
Distribution des résultats
% des personnes avec chaque résultat
Percentile par nombre de réponses
Votre historique - résultats
Vous n’avez pas pris ce quiz